100 in Base 1-20 - Statistics

General Stats
  • This quiz has been taken 54 times
  • The average score is 6 of 20
Answer Stats
Base 100 in that Base % Correct
10 100
93%
20 50
48%
2 1100100
40%
1 1111111111111111111111111111111111111111111111111111111111111111111111111111111111111111111111111111
40%
19 55
31%
12 84
29%
11 91
29%
9 121
26%
14 72
26%
13 79
26%
8 144
24%
16 64
24%
3 10201
21%
7 202
21%
5 400
21%
4 1210
19%
6 244
19%
18 5A
17%
17 5F
17%
15 6A
17%
No matching quizzes found
Score Distribution
Percent of People with Each Score
Percentile by Number Answered
Your Score History
You have not taken this quiz